• 首页
  • 本馆介绍
  • 公告通知
  • 最新文献
  • 馆藏检索
  • 电子资源
  • 读者导购
  • 参考咨询
  • 我的图书馆
  • 登录
  • 详细信息显示
  • 放入我的书架
  • 预约/预借图书
  • 作者相关作品
  • 分类相关作品
  • 丛书相关作品
  • 出版社相关作品

书目信息

  • 表格格式
  • 工作单格式
  • 卡片格式
题名:
自然与科技
    
 
作者: ;“通识联播”编辑部 编
分册:  
出版信息: 北京   北京大学出版社  2021
页数: 283页
开本: 23cm
丛书名:
单 册:
中图分类: N43
科图分类:
主题词: 自然科学--高等学校--教材
电子资源:
ISBN: 978-7-301-32536-0
000 00875nam0 2200229 450
001 2271809207
005 20221008195719.45
010    @a978-7-301-32536-0@dCNY68.00
100    @a20220113d2021 em y0chiy50 ea
101 0  @achi
102    @aCN@b110000
105    @aa z 000yy
200 1  @a自然与科技@9zi ran yu ke ji@f“通识联播”编辑部编
210    @a北京@c北京大学出版社@d2021
215    @a283页@c图@d23cm
300    @a北大通识核心课
330    @a本书从通识经典(北大名家阐释通识教育的精彩文章)、名师微访谈、课程大纲、“通识教与学”(含课程实录、助教感言、学生心得)、含英咀华(含课堂讨论提纲、优秀作业)等角度,细腻、深入地展现了北大“自然与科技”模块中的14门通识核心课的教学成果。
606 0  @a自然科学@x高等学校@j教材
690    @aN43@v5
711 02 @a“通识联播”编辑部@9“ tong shi lian bo” bian ji bu@4编
801  0 @aCN@b91MARC@c20220115
905    @aZUCC@dN43@e2
    
    自然与科技/“通识联播”编辑部编.-北京:北京大学出版社,2021
    283页:图;23cm
    北大通识核心课
    
    ISBN 978-7-301-32536-0:CNY68.00
    本书从通识经典(北大名家阐释通识教育的精彩文章)、名师微访谈、课程大纲、“通识教与学”(含课程实录、助教感言、学生心得)、含英咀华(含课堂讨论提纲、优秀作业)等角度,细腻、深入地展现了北大“自然与科技”模块中的14门通识核心课的教学成果。
●
相关链接 在五车中查询图书 在当当中查询图书 在豆瓣中查询图书


正题名:自然与科技     索取号:N43/2         预约/预借

序号 登录号 条形码 馆藏地/架位号 状态 备注
1 2000913385   2000913385   第三书库/ [索取号:N43/2] 在馆    
2 2000913386   2000913386   第三书库/ [索取号:N43/2] 在馆    
3 2000913387   2000913387   第三书库/ [索取号:N43/2] 在馆    
山东省滨州职业学院图书馆 欢迎您!
大连网信软件有限公司© 版权所有